03829cam a22003135a 4500999001700000005001700017008004100034020001800075040004100093082002100134245011600155250001300271260005300284300003400337504005300371505148000424520117401904650003303078650003403111650003003145650004503175650003003220651001003250653002203260700003503282700003503317942000803352952015503360 c27260d2723120190321104516.0171201t2018 enka fr 001 0 eng d a9781138297784 aIDEBKbengcIDEBKdN$TdUkdEG-ScBUE04a320.082bGOV22200aGoverning in a Global World :bwomen in public service /cedited by Maria J D'Agostino and Marilyn Marks Rubin. a1st. ed. aNew York :bRoutledge / Taylor & Francis,c2018. axvi, 269 p. :bill. ;c24 cm. aincludes bibliographical references and index. 0 aWomen in public service : a long slow path to gender equality / Marilyn Marks Rubin -- A global comparison of women in the workforce : moving toward innovative solutions / Helisse Levine and Maria J. D'Agostino -- Changing perspectives on women in public service : a short history of attitudes and practices / Camilla Stivers -- Breaking the mold : women as international leaders / Mary E. Guy and Samantha J. Larson -- Gender equality and the ballot box : the global situation of women legislators / Silvana Koch-Mehrin -- Women as public sector leaders : a long way from gender parity / Uschi Schreiber -- Equality for women in Sub Sahara Africa : still a long road to travel / Sebawit G. Bishu -- Latin American women in public service : progress but not yet equality / Melissa Gomez Hernandez -- Women in leadership positions in the Middle East : a region of gender equality paradoxes / Ghada Barsoum -- Women governing : the Egyptian perspective / Laila El Baradei -- Women governing in China : not yet holding up half the sky / Marilyn Marks Rubin and Wenxuan Yu -- Women in international NGOs : status, challenges, and opportunities / Shamima Ahmed -- Time to care : paid family leave as baseline support for gender equality in employment / Deborah Brennan and Sue Williamson -- Institutional mechanisms for advancing gender equity in educating for the public service / Nadia Rubaii -- Gender equity worldwide : where we are and where to from here? / Sharon Mastracci. aGoverning in a Global World captures the panorama of women governing around the world. Even though the modern era marks history’s greatest advancements for women, worldwide they hold fewer than 30 percent of decision-making positions and are often missing from negotiating tables where policies are made and conflicts resolved. The opening chapters present trends and context for studying women in public service by focusing on path-setters across the globe, the status of women in the world’s executive and legislative bodies, and their participation in public service across several nations. Later chapters examine power, leadership and representation of women in public service, with several chapters looking at women governing from a regional perspective in the Middle East, Sub Sahara Africa, Latin America, and China. The final chapter presents empirical evidence that shows how policies to increase women’s representation in the public arena reduce gender inequality more than any other policy intervention. Taken together, the chapters illustrate the worldwide importance of, and challenges to, promoting gender equality and women governing. --Back cover. 7aWomen in public life.2BUEsh 7aWomen public officers.2BUEsh 7aWomen legislators.2BUEsh 7aWomenxPolitical activity.2BUEsh923739 7aWomen politicians.2BUEsh 2BUEsh bBUSBOLcMarch20191 aD'Agostino, Maria J.,eeditor.1 aRubin, Marilyn Marks,eeditor. 2ddc 00102ddc40708BaccahaMAINbMAINc1STd2019-03-19ePurchaseg724.00h177l1m4o320.082 GOVp000043264r2025-07-15 00:00:00s2022-03-21v905.00yBB